| 000 | 00562nam a22001697a 4500 | ||
|---|---|---|---|
| 003 | OSt | ||
| 005 | 20260220054036.0 | ||
| 008 | 260220b |||||||| |||| 00| 0 eng d | ||
| 020 | _a978-971-821-095-6. | ||
| 040 |
_aDWC-Main lib. _cOC |
||
| 082 | _aFil. 490.7 F483 2007 | ||
| 100 | _aDe Castro, Imelda P. | ||
| 245 |
_aFilipino I : _bwikang Filipino sa akademikong konunikasyon/ _cImelda P. De Castro |
||
| 260 |
_aValenzuela City : _bMutya Publishing House, Inc., _cc2007. |
||
| 300 |
_a293 p. : _billustrations ; _c25 cm. |
||
| 942 |
_2ddc _cBK - FIL _hFil. _n0 |
||
| 999 |
_c8462 _d8462 |
||